| 000 | 00962nam a2200265Ia 4500 | ||
|---|---|---|---|
| 003 | GCL | ||
| 008 | 140319s9999 xx 000 0 ara d | ||
| 020 | _a4301001977 | ||
| 040 |
_aGCL / _cGCL |
||
| 082 | 0 | 4 |
_aق _b916.2 _bا م |
| 100 | 1 | _aالهام محمد على ذهنى | |
| 245 | 1 | 0 |
_aمصر فى كتابات الرحالة والقناصل الفرنسيين فى القرن الثامن عشر / _cالهام محمد على ذهنى |
| 250 | _aالاولى | ||
| 260 |
_aالقاهرة : _bالهيئة المصرية العامة للكتاب ، _c1991 |
||
| 300 |
_a147 ص ؛ _c24 سم |
||
| 490 |
_aتاريخ المصريين _v52 |
||
| 650 | 0 | 4 | _aمصر |
| 650 | 0 | 4 | _aتاريخ |
| 650 | 0 | 4 | _aالاحوال الاجتماعية |
| 650 | 0 | 4 | _aالعادات والتقاليد |
| 650 | 0 | 4 | _aالاثار الاسلامية |
| 650 | 0 | 4 | _aالمجتمع المصرى |
| 650 | 0 | 4 | _aالرحالة الاوربيون |
| 942 |
_2ddc _cBK |
||
| 999 |
_c52494 _d52494 |
||